[Event "Oberliga Ost A 2017 2018"]
[Site "Germany"]
[Date "2018.03.18"]
[Round "9.2"]
[White "Schaller, Sven"]
[Black "Spivak, Ilya"]
[Result "1/2-1/2"]
[WhiteElo "2270"]
[BlackElo "2329"]
[PlyCount "26"]
[EventDate "2017.10.22"]
[EventType "team-tourn"]
[EventCountry "GER"]
[WhiteTeam "Plauen SK Koenig"]
[BlackTeam "Hoyerswerda FVS ASP"]
[WhiteTeamCountry "GER"]
[BlackTeamCountry "GER"]

1. c4 e5 2. g3 Nf6 3. Bg2 d5 4. cxd5 Nxd5 5. Nc3 Nb6 6. Nf3 Nc6 7. d3 Be7 8.
O-O O-O 9. Be3 Be6 10. Nd2 Nd5 11. Nxd5 Bxd5 12. Bxd5 Qxd5 13. Qb3 Nb4 1/2-1/2

[Event "Oberliga Ost A 2017 2018"]
[Site "Germany"]
[Date "2018.03.18"]
[Round "9.3"]
[White "Hovsepyan, Vardan"]
[Black "Sandner, Gunter"]
[Result "0-1"]
[WhiteElo "2218"]
[BlackElo "2255"]
[PlyCount "92"]
[EventDate "2017.10.22"]
[EventType "team-tourn"]
[EventCountry "GER"]
[WhiteTeam "Hoyerswerda FVS ASP"]
[BlackTeam "Plauen SK Koenig"]
[WhiteTeamCountry "GER"]
[BlackTeamCountry "GER"]

1. e4 c5 2. Nc3 Nc6 3. Nge2 Nf6 4. g3 e5 5. Bg2 Be7 6. O-O Rb8 7. a4 b6 8. d3
Bb7 9. g4 Nxg4 10. Ng3 h5 11. Nxh5 Nxh2 12. Nxg7+ Kf8 13. Nh5 Bd6 14. Kxh2 Qh4+
15. Kg1 Rxh5 16. Re1 Nd4 17. Ne2 Nxe2+ 18. Qxe2 Ke7 19. Kf1 Rg8 20. Qe3 c4 21.
b4 cxd3 22. cxd3 f5 23. Bf3 fxe4 24. dxe4 Bxb4 25. Qd3 Qh2 26. Ke2 Bxe1 27.
Ba3+ Kd8 28. Rxe1 Rh3 29. Rd1 d5 30. Qb5 Rxf3 31. Rxd5+ Kc8 32. Qc4+ Kb8 33.
Bd6+ Ka8 34. Kxf3 Rc8 35. Qd3 Qh3+ 36. Ke2 Qxd3+ 37. Kxd3 Bxd5 38. exd5 Rd8 39.
Bxe5 Rxd5+ 40. Ke4 Ra5 41. f4 Kb7 42. Kf5 Kc8 43. Ke6 Rxa4 44. f5 Re4 45. f6
Rxe5+ 46. Kxe5 Kd7 0-1

[Event "Oberliga Ost A 2017 2018"]
[Site "Germany"]
[Date "2018.03.18"]
[Round "9.4"]
[White "Kunze, Carlo"]
[Black "Kesik, Klaus Dieter"]
[Result "1-0"]
[WhiteElo "2235"]
[BlackElo "2222"]
[PlyCount "81"]
[EventDate "2017.10.22"]
[EventType "team-tourn"]
[EventCountry "GER"]
[WhiteTeam "Plauen SK Koenig"]
[BlackTeam "Hoyerswerda FVS ASP"]
[WhiteTeamCountry "GER"]
[BlackTeamCountry "GER"]

1. d4 Nf6 2. Nf3 g6 3. g3 Bg7 4. Bg2 O-O 5. O-O d6 6. Nc3 c6 7. e4 Bg4 8. Be3
Qd7 9. Re1 Bh3 10. e5 Bxg2 11. Kxg2 Nd5 12. Nxd5 cxd5 13. exd6 Qxd6 14. Bf4 Qd8
15. c3 Nc6 16. h4 f6 17. Qd3 Qd7 18. h5 g5 19. h6 Bh8 20. Bd2 Rae8 21. Rad1 Rf7
22. Bc1 Qg4 23. Qb5 e6 24. Re2 a6 25. Qd3 Qh5 26. Rde1 Rfe7 27. b3 Qxh6 28. Ba3
Rf7 29. Rxe6 Rxe6 30. Rxe6 Bg7 31. Qf5 Bf8 32. Bxf8 Kxf8 33. Qxd5 Qh5 34. Qf5
Qg6 35. Qc5+ Kg7 36. d5 Qf5 37. c4 h5 38. Qe3 Na7 39. Qxa7 h4 40. Qe3 Qb1 41.
gxh4 1-0

[Event "Oberliga Ost A 2017 2018"]
[Site "Germany"]
[Date "2018.03.18"]
[Round "9.5"]
[White "Jahnel, Guenther"]
[Black "Hoerr, Matthias"]
[Result "0-1"]
[WhiteElo "2222"]
[BlackElo "2196"]
[PlyCount "64"]
[EventDate "2017.10.22"]
[EventType "team-tourn"]
[EventCountry "GER"]
[WhiteTeam "Hoyerswerda FVS ASP"]
[BlackTeam "Plauen SK Koenig"]
[WhiteTeamCountry "GER"]
[BlackTeamCountry "GER"]

1. d4 Nf6 2. c4 e6 3. Nc3 Bb4 4. Nf3 b6 5. Bg5 Bb7 6. e3 h6 7. Bh4 Bxc3+ 8.
bxc3 d6 9. Qc2 Nbd7 10. Bd3 Qe7 11. h3 e5 12. Bf5 Rd8 13. Qa4 a6 14. c5 bxc5
15. dxe5 dxe5 16. Rd1 g5 17. Nxg5 hxg5 18. Bxg5 c6 19. O-O Rh5 20. f4 e4 21. c4
Rxg5 22. fxg5 Nh5 23. g6 Ne5 24. gxf7+ Kf8 25. Bxe4 Ng3 26. Rxd8+ Qxd8 27. Rb1
Ne2+ 28. Kh1 Ng3+ 29. Kh2 Nxe4 30. Rxb7 Nf3+ 31. gxf3 Qd2+ 32. Kh1 Qe1+ 0-1

[Event "Oberliga Ost A 2017 2018"]
[Site "Germany"]
[Date "2018.03.18"]
[Round "9.6"]
[White "Pfretzschner, Roland"]
[Black "Boehm, Robert"]
[Result "1/2-1/2"]
[WhiteElo "2211"]
[BlackElo "2148"]
[PlyCount "36"]
[EventDate "2017.10.22"]
[EventType "team-tourn"]
[EventCountry "GER"]
[WhiteTeam "Plauen SK Koenig"]
[BlackTeam "Hoyerswerda FVS ASP"]
[WhiteTeamCountry "GER"]
[BlackTeamCountry "GER"]

1. e4 c5 2. Nf3 Nc6 3. Bb5 Nf6 4. Nc3 g6 5. e5 Ng4 6. Bxc6 dxc6 7. h3 Nh6 8. g4
Bg7 9. d3 f5 10. g5 Nf7 11. Qe2 Be6 12. Bf4 Qb6 13. Rb1 Bd5 14. Nxd5 cxd5 15.
c3 Nd8 16. O-O Ne6 17. Qd2 Qc6 18. d4 c4 1/2-1/2

[Event "Oberliga Ost A 2017 2018"]
[Site "Germany"]
[Date "2018.03.18"]
[Round "9.7"]
[White "Graf, Roland"]
[Black "Zaehringer, Daniel"]
[Result "1-0"]
[WhiteElo "2103"]
[BlackElo "2015"]
[PlyCount "57"]
[EventDate "2017.10.22"]
[EventType "team-tourn"]
[EventCountry "GER"]
[WhiteTeam "Hoyerswerda FVS ASP"]
[BlackTeam "Plauen SK Koenig"]
[WhiteTeamCountry "GER"]
[BlackTeamCountry "GER"]

1. e4 e5 2. Nf3 Nf6 3. Nxe5 d6 4. Nf3 Nxe4 5. d4 d5 6. Bd3 Nc6 7. O-O Bg4 8.
Re1 Be7 9. c3 f5 10. Nbd2 O-O 11. Qb3 Kh8 12. Qxb7 Rf6 13. Qb3 Rb8 14. Qc2 Bd6
15. h3 Bh5 16. b4 Re6 17. b5 Ne7 18. c4 Bb4 19. Rb1 Bxd2 20. Nxd2 dxc4 21. Qxc4
Bf7 22. Qc2 Nxf2 23. Kxf2 Qxd4+ 24. Kf1 Rxe1+ 25. Kxe1 Nd5 26. Nf3 Re8+ 27. Kf1
Qb6 28. Qf2 Qa5 29. Kg1 1-0

[Event "Oberliga Ost A 2017 2018"]
[Site "Germany"]
[Date "2018.03.18"]
[Round "9.8"]
[White "Linnert, Niklas"]
[Black "Heyme, Sibylle"]
[Result "1-0"]
[WhiteElo "1979"]
[BlackElo "2011"]
[PlyCount "83"]
[EventDate "2017.10.22"]
[EventType "team-tourn"]
[EventCountry "GER"]
[WhiteTeam "Plauen SK Koenig"]
[BlackTeam "Hoyerswerda FVS ASP"]
[WhiteTeamCountry "GER"]
[BlackTeamCountry "GER"]

1. d4 Nf6 2. c4 c5 3. Nf3 g6 4. g3 cxd4 5. Nxd4 Bg7 6. Bg2 O-O 7. O-O Nc6 8.
Nc3 a6 9. e4 Qc7 10. Nde2 d6 11. Bg5 Be6 12. b3 Qa5 13. Bd2 Qd8 14. Rc1 Rc8 15.
h3 Ne5 16. Be3 Qa5 17. Qd2 Bxh3 18. Nd5 Qxd2 19. Nxe7+ Kh8 20. Bxd2 Bxg2 21.
Kxg2 Rce8 22. Nd5 Nxe4 23. Be3 f5 24. Nef4 Rf7 25. Bb6 Nc5 26. Rcd1 Ned7 27.
Ba5 Ne6 28. Nxe6 Rxe6 29. Nf4 Re4 30. Bc7 g5 31. Nd5 Bf8 32. Rd2 Nc5 33. f3 Re5
34. Bd8 Bg7 35. Bxg5 Ne6 36. Be3 b5 37. cxb5 axb5 38. Kf2 Nc5 39. Rfd1 Ra7 40.
b4 Rxd5 41. Rxd5 Rxa2+ 42. R1d2 1-0

[Event "Oberliga Ost A 2017 2018"]
[Site "Germany"]
[Date "2018.04.14"]
[Round "10.1"]
[White "Zwahr, Paul"]
[Black "Cerveny, Martin"]
[Result "1/2-1/2"]
[WhiteElo "2306"]
[BlackElo "2381"]
[PlyCount "179"]
[EventDate "2017.10.22"]
[EventType "team-tourn"]
[EventCountry "GER"]
[WhiteTeam "Dresden SG Gruen Weiss"]
[BlackTeam "Aue ESV Nickelhuette II"]
[WhiteTeamCountry "GER"]
[BlackTeamCountry "GER"]

1. e4 c5 2. Nf3 d6 3. d4 cxd4 4. Nxd4 Nf6 5. Nc3 a6 6. Be3 e5 7. Nb3 Be6 8. f3
Nbd7 9. Qd2 b5 10. O-O-O Rc8 11. g4 Nb6 12. g5 Nh5 13. Kb1 Be7 14. Na5 O-O 15.
Nd5 Nxd5 16. exd5 Bf5 17. Nc6 Qe8 18. Qa5 Rxc6 19. dxc6 Qxc6 20. Qd2 Be6 21.
Bg2 Qc4 22. b3 Qh4 23. Qe1 Qxe1 24. Rhxe1 g6 25. Bc1 Rd8 26. Bf1 Kg7 27. Rd3 f5
28. Rc3 Kf7 29. Rc6 Ra8 30. Ba3 Bd5 31. Rc7 Ke6 32. Rxe5+ Kxe5 33. Rxe7+ Kf4
34. Be2 Kxg5 35. Bxd6 Nf4 36. Bd1 h5 37. h4+ Kxh4 38. Bxf4 g5 39. Bd2 g4 40.
fxg4 hxg4 41. Bf4 Kh3 42. Re3+ Kg2 43. Re5 Bf3 44. Bxf3+ gxf3 45. Be3 Rf8 46.
Rd5 Re8 47. Bc5 Re1+ 48. Kb2 f4 49. Rg5+ Kh3 50. Kc3 b4+ 51. Kd2 Re2+ 52. Kd1
a5 53. Ba7 Re7 54. Rxa5 Rg7 55. Ke1 Kg2 56. Bb6 Re7+ 57. Kd2 f2 58. Bxf2 Kxf2
59. Rf5 Rd7+ 60. Kc1 f3 61. c3 Rc7 62. Kb2 bxc3+ 63. Kc2 Ke3 64. a4 f2 65. a5
Rc5 66. Rxc5 f1=Q 67. Rxc3+ Ke2 68. Rc4 Qf5+ 69. Kb2 Qxa5 70. Rc2+ Kd3 71. Rc4
Qe5+ 72. Ka2 Qf6 73. Kb1 Qf2 74. Ka1 Kd2 75. Kb1 Qe3 76. Kb2 Qe5+ 77. Kb1 Qa5
78. Kb2 Kd3 79. Rc2 Qe5+ 80. Kb1 Qf6 81. Rc4 Qf2 82. Ka1 Kd2 83. Kb1 Qf8 84.
Kb2 Qh8+ 85. Kb1 Kd3 86. Ka2 Qh2+ 87. Kb1 Qe5 88. Ka2 Qe1 89. Kb2 Qa5 90. Rc2
1/2-1/2

[Event "Oberliga Ost A 2017 2018"]
[Site "Germany"]
[Date "2018.04.14"]
[Round "10.2"]
[White "Wichmann, Cliff"]
[Black "Gehmlich, Marcel"]
[Result "1/2-1/2"]
[WhiteElo "2297"]
[BlackElo "2187"]
[PlyCount "96"]
[EventDate "2017.10.22"]
[EventType "team-tourn"]
[EventCountry "GER"]
[WhiteTeam "Aue ESV Nickelhuette II"]
[BlackTeam "Dresden SG Gruen Weiss"]
[WhiteTeamCountry "GER"]
[BlackTeamCountry "GER"]

1. Nf3 c5 2. g3 b6 3. Bg2 Bb7 4. O-O Nf6 5. c3 g6 6. d4 cxd4 7. cxd4 Bg7 8. Nc3
Ne4 9. Bf4 Nxc3 10. bxc3 O-O 11. c4 d6 12. Rc1 Nd7 13. Qa4 Qc7 14. Rfd1 Bc6 15.
Qa3 e5 16. Bg5 Rfe8 17. Be3 Rac8 18. Bh3 f5 19. dxe5 dxe5 20. c5 Nxc5 21. Bxc5
bxc5 22. Ng5 Bf8 23. Qb3+ Kh8 24. Ne6 Qe7 25. Nxc5 Ba8 26. Nd3 Rb8 27. Qc3 Qb7
28. f3 Bg7 29. Qc7 Qa6 30. Qc4 Qb6+ 31. Qc5 Qxc5+ 32. Nxc5 Rb2 33. Bf1 Rxa2 34.
Ne6 Bh6 35. f4 exf4 36. Nxf4 Bxf4 37. gxf4 Rb2 38. Rc7 Rb7 39. Rdd7 Rxc7 40.
Rxc7 a6 41. Ra7 Bd5 42. Rxa6 Bc4 43. Ra1 Bxe2 44. Re1 Bb5 45. Rxe8+ Bxe8 46.
Kf2 Kg7 47. h4 Kf6 48. Ke3 Bf7 1/2-1/2

[Event "Oberliga Ost A 2017 2018"]
[Site "Germany"]
[Date "2018.04.14"]
[Round "10.4"]
[White "Schnabel, Ralf"]
[Black "Hutsch, Oliver"]
[Result "1/2-1/2"]
[WhiteElo "2225"]
[BlackElo "2161"]
[PlyCount "118"]
[EventDate "2017.10.22"]
[EventType "team-tourn"]
[EventCountry "GER"]
[WhiteTeam "Aue ESV Nickelhuette II"]
[BlackTeam "Dresden SG Gruen Weiss"]
[WhiteTeamCountry "GER"]
[BlackTeamCountry "GER"]

1. e4 c6 2. d4 d5 3. Nd2 dxe4 4. Nxe4 Bf5 5. Ng3 Bg6 6. h4 h6 7. Nf3 Nd7 8. h5
Bh7 9. Bd3 Ngf6 10. Bxh7 Nxh7 11. Qe2 e6 12. Bd2 Be7 13. O-O-O O-O 14. Ne4 Ndf6
15. Kb1 Nxe4 16. Qxe4 Qd5 17. Qe2 Nf6 18. c4 Qe4+ 19. Qxe4 Nxe4 20. Be3 Rfd8
21. Ne5 Rd6 22. g4 Rad8 23. f3 Bg5 24. f4 Be7 25. Kc2 f5 26. Rdg1 Bf6 27. gxf5
exf5 28. Rg6 Be7 29. Rg2 Bf8 30. a4 a6 31. b4 Re6 32. Kb3 Red6 33. Rhg1 Re6 34.
Rg6 Rxg6 35. hxg6 Be7 36. b5 axb5 37. axb5 cxb5 38. c5 Ra8 39. Kb4 Ra4+ 40.
Kxb5 Nc3+ 41. Kb6 Nd5+ 42. Kxb7 Nxe3 43. Nc6 Kf8 44. Re1 Ra3 45. Nxe7 Kxe7 46.
Kc6 Ra6+ 47. Kb5 Re6 48. Ra1 Kf6 49. c6 Nd5 50. Kc5 Nc3 51. d5 Ne4+ 52. Kd4 Re7
53. Ra6 Rc7 54. Ra8 Kxg6 55. Re8 Kf7 56. Rh8 Kf6 57. Rf8+ Kg6 58. Re8 Kf7 59.
Rh8 Kg6 1/2-1/2

[Event "Oberliga Ost A 2017 2018"]
[Site "Germany"]
[Date "2018.04.14"]
[Round "10.5"]
[White "Nake, Matthias"]
[Black "Heinz, Juergen"]
[Result "1/2-1/2"]
[WhiteElo "2170"]
[BlackElo "2222"]
[PlyCount "73"]
[EventDate "2017.10.22"]
[EventType "team-tourn"]
[EventCountry "GER"]
[WhiteTeam "Dresden SG Gruen Weiss"]
[BlackTeam "Aue ESV Nickelhuette II"]
[WhiteTeamCountry "GER"]
[BlackTeamCountry "GER"]

1. e4 c5 2. Nf3 Nc6 3. d4 cxd4 4. Nxd4 e5 5. Nb5 d6 6. N1c3 a6 7. Na3 b5 8. Nd5
Be7 9. Bd3 Nf6 10. Nxe7 Nxe7 11. Bg5 O-O 12. c3 Ne8 13. Nc2 f6 14. Bh4 Nc7 15.
O-O Ne6 16. Ne3 Kh8 17. f3 Nf4 18. Bf2 Be6 19. a4 Rb8 20. axb5 axb5 21. Qd2 Qd7
22. Ra5 Rfd8 23. Rfa1 Qe8 24. Bf1 d5 25. exd5 Nexd5 26. Qc2 Qh5 27. Nxd5 Bxd5
28. Be3 Nh3+ 29. Kh1 Ng5 30. Bxg5 Qxg5 31. Rd1 Bc4 32. Bxc4 bxc4 33. Rad5 Rxd5
34. Rxd5 g6 35. Qd2 Qxd2 36. Rxd2 Kg7 37. Kg1 1/2-1/2

[Event "Oberliga Ost A 2017 2018"]
[Site "Germany"]
[Date "2018.04.14"]
[Round "10.6"]
[White "Rosko, Lubos"]
[Black "Butscher, Daniel"]
[Result "0-1"]
[WhiteElo "2316"]
[BlackElo "2144"]
[PlyCount "94"]
[EventDate "2017.10.22"]
[EventType "team-tourn"]
[EventCountry "GER"]
[WhiteTeam "Aue ESV Nickelhuette II"]
[BlackTeam "Dresden SG Gruen Weiss"]
[WhiteTeamCountry "GER"]
[BlackTeamCountry "GER"]

1. d4 c5 2. d5 d6 3. e4 g6 4. Nc3 Bg7 5. Nf3 Nf6 6. Bb5+ Bd7 7. a4 O-O 8. O-O
Na6 9. Re1 Nc7 10. Bf1 a6 11. a5 Nb5 12. h3 Nxc3 13. bxc3 b5 14. Bb2 Ne8 15.
Qc1 c4 16. Qd2 Qc7 17. Nd4 e5 18. dxe6 fxe6 19. Ba3 e5 20. Nf3 Bc6 21. Nh2 Rd8
22. Bb4 Rf4 23. f3 h5 24. Rad1 Kh7 25. g3 Rf7 26. Bg2 d5 27. exd5 Rxd5 28. Qe2
Rxd1 29. Rxd1 Nf6 30. g4 Qa7+ 31. Kh1 Qb7 32. Rd6 e4 33. f4 hxg4 34. hxg4 Ne8
35. Rxc6 Qxc6 36. Bxe4 Qf6 37. g5 Qxf4 38. Qh5+ Kg8 39. Qxg6 Qc1+ 40. Kg2 Qd2+
41. Kg3 Qf2+ 42. Kh3 Qe3+ 43. Nf3 Rxf3+ 44. Bxf3 Qxf3+ 45. Kh4 Qh1+ 46. Kg4
Qg2+ 47. Kh4 Nf6 0-1

[Event "Oberliga Ost A 2017 2018"]
[Site "Germany"]
[Date "2018.04.14"]
[Round "10.7"]
[White "Rensch, Toralf"]
[Black "Heinz, Thomas"]
[Result "0-1"]
[WhiteElo "2097"]
[BlackElo "2138"]
[PlyCount "70"]
[EventDate "2017.10.22"]
[EventType "team-tourn"]
[EventCountry "GER"]
[WhiteTeam "Dresden SG Gruen Weiss"]
[BlackTeam "Aue ESV Nickelhuette II"]
[WhiteTeamCountry "GER"]
[BlackTeamCountry "GER"]

1. e4 e5 2. Nc3 Nc6 3. f4 Bc5 4. Nf3 d6 5. Bb5 Bg4 6. h3 Bd7 7. d3 a6 8. Bxc6
Bxc6 9. Qe2 Qe7 10. Be3 Bb4 11. a3 Bxc3+ 12. bxc3 Nf6 13. fxe5 dxe5 14. Qf2 Nd7
15. O-O O-O-O 16. Nd2 Rdf8 17. Nc4 b6 18. a4 f5 19. exf5 g6 20. Bh6 Rxf5 21.
Qe3 Rg8 22. Bf4 Qf7 23. Bg3 Qd5 24. Qe2 Rgf8 25. Ne3 Qc5 26. c4 Rxf1+ 27. Rxf1
Rxf1+ 28. Kxf1 Bxa4 29. Ng4 h5 30. Nxe5 Nxe5 31. Qxe5 Bxc2 32. Qe8+ Kb7 33.
Qxg6 Qxc4 34. Ke2 Qd5 35. Kd2 Bb1 0-1

[Event "Oberliga Ost A 2017 2018"]
[Site "Germany"]
[Date "2018.04.14"]
[Round "10.8"]
[White "Vlckova, Katerina"]
[Black "Radke, Rocco Mario"]
[Result "0-1"]
[WhiteElo "1954"]
[BlackElo "2075"]
[PlyCount "100"]
[EventDate "2017.10.22"]
[EventType "team-tourn"]
[EventCountry "GER"]
[WhiteTeam "Aue ESV Nickelhuette II"]
[BlackTeam "Dresden SG Gruen Weiss"]
[WhiteTeamCountry "GER"]
[BlackTeamCountry "GER"]

1. d4 Nf6 2. Nf3 e6 3. g3 b6 4. Bg2 Bb7 5. O-O Be7 6. c4 O-O 7. Nc3 Ne4 8. Qc2
Nxc3 9. bxc3 c5 10. Rd1 d6 11. Rb1 f5 12. Ne1 Bxg2 13. Nxg2 Na6 14. e4 Qe8 15.
exf5 Rxf5 16. Nf4 Qf7 17. Rb2 Nc7 18. Be3 Bg5 19. Qe4 d5 20. Qg2 cxd4 21. cxd4
dxc4 22. Qc6 Rf8 23. Qxc4 Bxf4 24. Bxf4 Nd5 25. Bd6 Rxf2 26. Bxf8 Rxb2 27. Rf1
Qh5 28. h4 Qg6 29. Bd6 h5 30. Qc1 Rxa2 31. Qg5 Qxg5 32. hxg5 Ne3 33. Rf8+ Kh7
34. Re8 Ra1+ 35. Kf2 Ng4+ 36. Ke2 Kg6 37. Rxe6+ Kxg5 38. Bf4+ Kf5 39. Re7 Kf6
40. Rc7 Ra4 41. Rb7 Rxd4 42. Rxa7 Rb4 43. Rb7 Rb3 44. Kd2 g5 45. Bc7 Ne5 46. g4
h4 47. Kc2 Rb5 48. Bd8+ Kg6 49. Bc7 Nxg4 50. Rb8 Rc5+ 0-1

[Event "Oberliga Ost A 2017 2018"]
[Site "Germany"]
[Date "2018.04.14"]
[Round "10.1"]
[White "Pietsch, Michael"]
[Black "Reizniece Ozola, Dana"]
[Result "0-1"]
[WhiteElo "2206"]
[BlackElo "2283"]
[PlyCount "64"]
[EventDate "2017.10.22"]
[EventType "team-tourn"]
[EventCountry "GER"]
[WhiteTeam "Coswig TuS"]
[BlackTeam "Loeberitz SG"]
[WhiteTeamCountry "GER"]
[BlackTeamCountry "GER"]

1. d4 Nf6 2. Nf3 g6 3. c4 Bg7 4. Nc3 O-O 5. e4 d6 6. Be2 e5 7. O-O Nc6 8. d5
Ne7 9. Nd2 Ne8 10. b4 f5 11. c5 Nf6 12. f3 h5 13. Nc4 f4 14. a4 g5 15. Ba3 Kh8
16. b5 Ne8 17. a5 dxc5 18. Bxc5 Nd6 19. Kh1 Ng6 20. b6 Nxc4 21. Bxc4 g4 22. Qb3
g3 23. bxc7 Qxc7 24. Qb4 Qd8 25. Ra2 Qh4 26. Bg1 Rd8 27. Nb5 Bf8 28. Qb3 Bc5
29. h3 Bxh3 30. gxh3 Qxh3+ 31. Bh2 Nh4 32. Re1 g2+ 0-1

[Event "Oberliga Ost A 2017 2018"]
[Site "Germany"]
[Date "2018.04.14"]
[Round "10.2"]
[White "Niegsch, Nicolas"]
[Black "Schweitzer, Andreas"]
[Result "1/2-1/2"]
[WhiteElo "2232"]
[BlackElo "2228"]
[PlyCount "103"]
[EventDate "2017.10.22"]
[EventType "team-tourn"]
[EventCountry "GER"]
[WhiteTeam "Loeberitz SG"]
[BlackTeam "Coswig TuS"]
[WhiteTeamCountry "GER"]
[BlackTeamCountry "GER"]

1. d4 d5 2. c4 c6 3. Nf3 Nf6 4. Nc3 e6 5. g3 dxc4 6. Bg2 b5 7. O-O Bb7 8. Ne5
Qb6 9. b3 cxb3 10. Qxb3 Be7 11. Be3 Nd5 12. Ne4 a5 13. Rac1 O-O 14. Bh3 Bc8 15.
Rfd1 f6 16. Nd3 Na6 17. Nf4 a4 18. Qb1 f5 19. Nc3 Nab4 20. Ncxd5 Nxd5 21. Nd3
Bd6 22. Bg2 b4 23. Bf4 Bxf4 24. gxf4 Ba6 25. Bxd5 cxd5 26. Qxb4 Rfb8 27. a3 Bc4
28. Rb1 Qd8 29. Qc3 Bxd3 30. Qxd3 Rxb1 31. Rxb1 Rb8 32. Rc1 h6 33. Qa6 Rb6 34.
Qc8 Qxc8 35. Rxc8+ Kf7 36. Ra8 Rb2 37. e3 g5 38. fxg5 hxg5 39. Rxa4 Ra2 40. Kg2
Ra1 41. Ra7+ Kf6 42. Kf3 g4+ 43. Kg2 f4 44. exf4 Kf5 45. Ra6 Kxf4 46. Rxe6 Rxa3
47. Re5 Ra5 48. h4 gxh3+ 49. Kxh3 Kf3 50. Kh4 Kxf2 51. Kg4 Ra4 52. Rxd5 1/2-1/2

[Event "Oberliga Ost A 2017 2018"]
[Site "Germany"]
[Date "2018.04.14"]
[Round "10.3"]
[White "Hofmann, Rares"]
[Black "Pallas, Sebastian"]
[Result "0-1"]
[WhiteElo "2229"]
[BlackElo "2230"]
[PlyCount "66"]
[EventDate "2017.10.22"]
[EventType "team-tourn"]
[EventCountry "GER"]
[WhiteTeam "Coswig TuS"]
[BlackTeam "Loeberitz SG"]
[WhiteTeamCountry "GER"]
[BlackTeamCountry "GER"]

1. e4 c5 2. Nf3 d6 3. d4 cxd4 4. Nxd4 Nf6 5. Nc3 a6 6. Be3 e6 7. f3 h5 8. a4 b6
9. Bc4 Qc7 10. Qe2 Be7 11. O-O O-O 12. Rad1 Nc6 13. Kh1 Nb4 14. Bb3 Bd7 15. f4
d5 16. exd5 exd5 17. Nf3 Be6 18. h3 Ne4 19. Nxe4 dxe4 20. Ne5 Bxb3 21. cxb3 Qc2
22. Qxc2 Nxc2 23. Bxb6 e3 24. Rfe1 Nxe1 25. Rxe1 Bh4 26. Rxe3 Bf2 27. Nc4 Bxe3
28. Bxe3 Rab8 29. Bc5 Rfc8 30. b4 Rxb4 31. Bxb4 Rxc4 32. Bc3 Rxa4 33. g3 h4 0-1

[Event "Oberliga Ost A 2017 2018"]
[Site "Germany"]
[Date "2018.04.14"]
[Round "10.4"]
[White "Proehl, Holger"]
[Black "Escher, Thomas"]
[Result "1/2-1/2"]
[WhiteElo "2364"]
[BlackElo "2150"]
[PlyCount "111"]
[EventDate "2017.10.22"]
[EventType "team-tourn"]
[EventCountry "GER"]
[WhiteTeam "Loeberitz SG"]
[BlackTeam "Coswig TuS"]
[WhiteTeamCountry "GER"]
[BlackTeamCountry "GER"]

1. e4 c5 2. c3 Nf6 3. d3 Nc6 4. Nf3 d6 5. Nbd2 g6 6. Be2 Bg7 7. O-O O-O 8. Re1
Rb8 9. Bf1 b5 10. h3 Qc7 11. Qc2 d5 12. Nb3 c4 13. Nc5 cxd3 14. Bxd3 dxe4 15.
Nxe4 Nxe4 16. Bxe4 Ne5 17. Nd4 Bd7 18. Bg5 Rfe8 19. Rad1 Rbc8 20. Qe2 Nc4 21.
Bc1 Nd6 22. Bb1 e5 23. Nc2 Bf5 24. Na3 Bxb1 25. Nxb1 Qc6 26. Na3 e4 27. Bf4 Be5
28. Bxe5 Rxe5 29. Qd2 Re6 30. Qd5 Qxd5 31. Rxd5 a6 32. Red1 Nc4 33. Rd8+ Rxd8
34. Rxd8+ Kg7 35. Nxc4 bxc4 36. Rd4 Rb6 37. Rxe4 Rxb2 38. a4 h5 39. Rxc4 Ra2
40. g4 Kh6 41. Kg2 Ra1 42. gxh5 Kxh5 43. h4 f5 44. Kf3 Ra3 45. Ke3 Ra2 46. Rd4
Ra3 47. Kd3 Ra2 48. f3 Rf2 49. Rf4 Ra2 50. Rb4 Rf2 51. Ke3 Ra2 52. Rd4 Ra3 53.
Kd2 Ra2+ 54. Kc1 Rf2 55. Rd3 Ra2 56. Rd4 1/2-1/2

[Event "Oberliga Ost A 2017 2018"]
[Site "Germany"]
[Date "2018.04.14"]
[Round "10.5"]
[White "Klawa, Patrick"]
[Black "Schuetze, Norman"]
[Result "0-1"]
[WhiteElo "2163"]
[BlackElo "2282"]
[PlyCount "70"]
[EventDate "2017.10.22"]
[EventType "team-tourn"]
[EventCountry "GER"]
[WhiteTeam "Coswig TuS"]
[BlackTeam "Loeberitz SG"]
[WhiteTeamCountry "GER"]
[BlackTeamCountry "GER"]

1. e4 c5 2. Nf3 d6 3. Bb5+ Bd7 4. Bxd7+ Qxd7 5. c4 Nc6 6. d4 cxd4 7. Nxd4 Nf6
8. Nc3 g6 9. O-O Bg7 10. Nde2 Qe6 11. Nd5 Qxe4 12. Nc7+ Kd7 13. Nxa8 Qxc4 14.
Bf4 Rxa8 15. Rc1 Qxa2 16. b3 Qa5 17. Rc4 Ke8 18. Qc1 Kf8 19. Bh6 Qh5 20. Bxg7+
Kxg7 21. Ng3 Qb5 22. Rh4 h5 23. Re1 Ne5 24. Qe3 Rc8 25. h3 Rc2 26. Rd4 Rb2 27.
b4 Rxb4 28. Rxb4 Qxb4 29. Rc1 Nc6 30. Qd3 Qf4 31. Rb1 b6 32. Qc3 Nd4 33. Qc7 h4
34. Nf1 Ne2+ 35. Kh1 Qxf2 0-1

[Event "Oberliga Ost A 2017 2018"]
[Site "Germany"]
[Date "2018.04.14"]
[Round "10.6"]
[White "Schuster, Martin"]
[Black "Merker, Matthias"]
[Result "1/2-1/2"]
[WhiteElo "2205"]
[BlackElo "2133"]
[PlyCount "83"]
[EventDate "2017.10.22"]
[EventType "team-tourn"]
[EventCountry "GER"]
[WhiteTeam "Loeberitz SG"]
[BlackTeam "Coswig TuS"]
[WhiteTeamCountry "GER"]
[BlackTeamCountry "GER"]

1. d4 Nf6 2. Nf3 e6 3. c4 Bb4+ 4. Bd2 Be7 5. Nc3 d5 6. Bg5 Nbd7 7. e3 c6 8. Bd3
O-O 9. O-O dxc4 10. Bxc4 Nd5 11. Bxe7 Qxe7 12. Rc1 Nxc3 13. Rxc3 e5 14. dxe5
Nxe5 15. Nxe5 Qxe5 16. f4 Qe4 17. Qe2 g6 18. Bd3 Qd5 19. f5 Bxf5 20. Bxf5 gxf5
21. Qh5 Rad8 22. Qg5+ Kh8 23. Qf6+ Kg8 24. Rxf5 Qd1+ 25. Kf2 Qd2+ 26. Kg1 Qd1+
27. Rf1 Qd6 28. Qf5 Qg6 29. Qf2 Rd6 30. e4 Qxe4 31. Qxa7 Qd4+ 32. Qxd4 Rxd4 33.
Rg3+ Kh8 34. Rb3 Rd7 35. h3 Re8 36. Rf2 Re5 37. Kh2 Kg7 38. Rg3+ Kf8 39. Rgf3
Kg7 40. g4 Red5 41. Kg3 h6 42. Kg2 1/2-1/2

[Event "Oberliga Ost A 2017 2018"]
[Site "Germany"]
[Date "2018.04.14"]
[Round "10.7"]
[White "Poenisch, Eckehard"]
[Black "Mertens, Fridolin"]
[Result "1/2-1/2"]
[WhiteElo "2138"]
[BlackElo "2137"]
[PlyCount "37"]
[EventDate "2017.10.22"]
[EventType "team-tourn"]
[EventCountry "GER"]
[WhiteTeam "Coswig TuS"]
[BlackTeam "Loeberitz SG"]
[WhiteTeamCountry "GER"]
[BlackTeamCountry "GER"]

1. d4 Nf6 2. Bf4 e6 3. e3 c5 4. c3 Nc6 5. Nf3 b6 6. Nbd2 Bb7 7. Bd3 cxd4 8.
exd4 Be7 9. h3 a6 10. a4 O-O 11. O-O d6 12. Qe2 Re8 13. Rfe1 h6 14. Ne4 Nd5 15.
Bh2 Bf8 16. Rad1 f5 17. Ned2 Qf6 18. Bc4 Nc7 19. Qe3 1/2-1/2

[Event "Oberliga Ost A 2017 2018"]
[Site "Germany"]
[Date "2018.04.14"]
[Round "10.8"]
[White "Boehm, Christian"]
[Black "Wolf, Mario"]
[Result "1/2-1/2"]
[WhiteElo "2040"]
[BlackElo "1968"]
[PlyCount "46"]
[EventDate "2017.10.22"]
[EventType "team-tourn"]
[EventCountry "GER"]
[WhiteTeam "Loeberitz SG"]
[BlackTeam "Coswig TuS"]
[WhiteTeamCountry "GER"]
[BlackTeamCountry "GER"]

1. e4 e6 2. d3 d5 3. Nd2 Nf6 4. Ngf3 Be7 5. g3 c5 6. Bg2 O-O 7. O-O Nc6 8. e5
Nd7 9. Re1 b5 10. Nf1 Rb8 11. h4 h6 12. N1h2 Re8 13. Bf4 Rb6 14. Ng4 Bf8 15.
Ne3 f5 16. exf6 Nxf6 17. Ne5 Bd6 18. N3g4 Nxg4 19. Qxg4 Qf6 20. Nd7 Bxd7 21.
Bxd6 Rb7 22. Bxc5 Qxb2 23. Qe2 Qc3 1/2-1/2